THE VES HANDBOOK OF VISUAL EFFECTS (Record no. 34664)

MARC details
000 -LEADER
fixed length control field 00298nam a22001337a 4500
003 - CONTROL NUMBER IDENTIFIER
control field SGT
020 ## - INTERNATIONAL STANDARD BOOK NUMBER
International Standard Book Number 9781032853697
082 ## - DEWEY DECIMAL CLASSIFICATION NUMBER
Classification number 741.3
Item number OKU
100 ## - MAIN ENTRY--PERSONAL NAME
Personal name OKUN JEFFREY A
245 ## - TITLE STATEMENT
Title THE VES HANDBOOK OF VISUAL EFFECTS
260 ## - PUBLICATION, DISTRIBUTION, ETC. (IMPRINT)
Place of publication, distribution, etc U.K
Name of publisher, distributor, etc ROUTLEDGE PUB
Year of Publication 2026
300 ## - PAGE DESCRIPTION
No. of Pages 847
942 ## - ADDED ENTRY ELEMENTS (KOHA)
Source of classification or shelving scheme Dewey Decimal Classification
Koha item type Books
Holdings
Withdrawn status Lost status Source of classification or shelving scheme Damaged status Not for loan Home library Current library Shelving location Date acquired Vendor Name Cost, normal purchase price SGTU Bill Number Total Checkouts Full call number Accession No. (Barcode) Date last seen Bill Date Koha item type
    Dewey Decimal Classification   Not For Loan SGT Science & Social Sciences Library SGT Science & Social Sciences Library Reference Book 25/04/2026 ZAFAA BOOKS 8609.95 SGTU ZBD-2026-27-0010   741.3 OKU FF931 25/04/2026 10/04/2026 Books